000
00238nam a22001217a 4500
999
_c
159597
_d
159597
082
_a
_b
100
_a
245
_a
UGC NET/SLET Hindi literature/
260
_a
_b
Trueman,
_c
2010.
300
_a
444p.
650
_a
942
_c
BK